000 00611nam a2200229Ia 4500
003 GCL
008 140319s9999 xx 000 0 eng d
020 _a0870447343
040 _aGCL /
_cGCL
082 0 4 _a910.021
_bR L
100 1 _aNATIONAL GEOGRAPHIC SOCIETY
245 1 0 _aLIVING ON THE EARTH /
_cNATIONAL GEOGRAPHIC SOCIETY
260 _aنيويورك :
_bNATIONAL GEOGRAPHIC SOCIETY ،
_c1988
300 _a320 P ؛
_c30 cm.
650 0 4 _aEARTH
650 0 4 _aANTHROPO - GEOGRAPHY
650 0 4 _aISLANDS
650 0 4 _aFORESTS
650 0 4 _aRIVERE
650 0 4 _aHUMAN ECOLOGY
942 _2ddc
_cBK
999 _c21776
_d21776